| 000 | 00836cab a22002175a 4500 | ||
|---|---|---|---|
| 001 | E145895 | ||
| 008 | 081120s2008 xxk f 000 0 eng d | ||
| 035 | _a(Sirsi) u145895 | ||
| 041 | 0 | _aeng | |
| 100 | 1 | _aMaxwell, Stewart | |
| 245 | 0 | 0 | _aOn course for 1 December start |
| 260 | _c2008 | ||
| 490 | 0 |
_aEstate Agent _vNovember 2008, 28-31(4) |
|
| 520 | _aSets out the background to the introduction of the Home Report in Scotland on 1 December 2008. Discusses how the Home Report will work, how much it will cost, the various elements that make up the Home Report, and exemptions. | ||
| 590 | _aKA | ||
| 650 | 2 | 4 | _aSCOTTISH SINGLE SURVEY SCHEME |
| 651 | 4 |
_aScotland _y1999- |
|
| 690 | _aPROPERTY-RESIDENTIAL PROPERTY-ACQUISITION AND DISPOSAL OF RESIDENTIAL PROPERTY-HOME BUYING REFORM | ||
| 700 | 1 | _aWilson, Roger | |
| 942 | _n0 | ||
| 999 |
_c80968 _d80968 |
||